Panorama lojalności

Titel: Panorama lojalności : Prusy Królewskie i Prusy Ksia̜że̜ce w XVI wieku / [red. nauk.: Anna Skolimowska ...]
Beteiligt:
Veröffentlicht: Warszawa : DiG, 2001
Umfang: 184 Seiten : Illustrationen
Format: Buch
Sprache: Polnisch
Schriftenreihe/
mehrbändiges Werk:
Eseje i studia ; 4
Schlagworte:
ISBN: 8371812299
Buchumschlag
X
Lokale Klassifikation: 6 7 F ; 33 7 F ; 2 D 73
alg: 10787785
001A    $03004:29-10-02 
001B    $01999:01-05-24 $t10:16:34.000 
001D    $03004:29-10-02 
001U    $0utf8 
001X    $00 
002@    $0Aau 
002C    $aText $btxt $2rdacontent 
002D    $aohne Hilfsmittel zu benutzen $bn $2rdamedia 
002E    $aBand $bnc $2rdacarrier 
003@    $0107877856 
003O    $050037522 $aOCoLC 
004A    $083-7181-229-9 
006G    $0988081199 
006U    $008,A51,2184 $f20080328 
007A    $0107877856 $aHEB 
007G    $0DE013D7904D3BF2CB1B49C125780F00384A96 
007T    $0Herdk05290 
009P    $qapplication/pdf $A2 $3Inhaltsverzeichnis $uhttp://scans.hebis.de/HEBCGI/show.pl?10787785_toc.pdf $mV:DE-603;B:DE-26 
010@    $apol 
011@    $a2001 
013D    $RWissenschaftliche Literatur $RAufsatzsammlung $71071861417 $8Konferenzschrift [Ts1] $9359646190 $y1998 $zWarschau 
021A    $aPanorama lojalności $dPrusy Królewskie i Prusy Ksia̜że̜ce w XVI wieku $h[red. nauk.: Anna Skolimowska ...] 
028C    $BHerausgeber $4edt $71133583792 $8Skolimowska, Anna$Z1967- [Tp3] $9404031803 
033A    $pWarszawa $nDiG 
034D    $a184 Seiten 
034M    $aIllustrationen 
036E    $aEseje i studia $l4 
036F    $x14 $8Eseje i studia $9207085412 $l4 
039U    $aRezensiert in $8--Aox--Naworski, Zbigniew. Panorama lojalności. - Warszawa : DiG. -  2001 [Rezension], 2003 $9394862910 
039U    $aRezensiert in $8--Aox--Salmonowicz, Stanisław$Z1931-2022 [Tp1]. Panorama lojalności. - Warszawa : DiG. -  2001 [Rezension], 2002 $9395272688 
044K    $#Westpreußen $#Königlich-Preußen $#Polnisch-Preußen $#Königliches Preußen $74079244-4 $8Westpreußen [Tg1] $908522510X 
044K    $ROstpreußen $RPreußen $RPreußen $#Preußen Herzogtum $#Prūsijos Kunigaikštystė $#Ducal Prussia $#Prusy Książęce $#Prusko vojvodstvo $#Prusko vévodství $74137053-3 $8Herzogtum Preußen [Tg1] $9085512117 
044K    $RVadian, Joachim $#Dantiskus, Johannes $#Dantyszec, Joan $#Dantiscus, Johannes $#Dantiscus, Joannes $#Dantiscus, Ioannes $#Dantiscus, Joannes de Curiis $#Dantiscanus, Johannes $#Dantisco, Joannes $#Dantisco, Juan $#Curiis Dantiscus, Joannes de $#Curiis, Johannes de $#Curiis, Johannes a $#Curiis, Joannes de $#Höfen, Johannes von $#Höfen, Johannes von $#Höfer, Johannes von $#Flachsbinder, Johannes von $#Flachsbinder, Johann $#Johannes  $#Johannes  $#Johannes  $#Johannes  $#Curiis, Johannes de $#Höfen, Johannes von $7119442086 $8Dantyszek, Jan$Z1485-1548 [Tp1] $9087781808 
045E    $c940 
045F    $a900.94383209031 $eDDC23BSB 
045F/01 $a900 
045F/03 $f09031 
045F/03 $g43832 
045F/03 $g4382 
045R    $aGeschichte 1500-1600 
046L    $aZusammenfassungen in deutscher Sprache 

lok: 10787785 24
101B    $005-12-02 $t19:10:39.185 
101C    $029-10-02 
145Z/01 $a6 7 F 
145Z/02 $a33 7 F 
145Z/03 $a2 D 73 
101U    $0utf8 

exp: 10787785 24 1 #EPN
201B/01 $018-12-02 $t06:44:00.681 
201C/01 $029-10-02 
203@/01 $0177085460 
208@/01 $a29-10-02 $bz 
209A/01 $a02.3836 $du $f050 $h02 3836 $x00 
209C/01 $a02.3836 K $h02 3836 K 
209G/01 $a70534428 $x00 
247C/01 $8358050-7 Marburg, Bibliothek des Herder-Instituts Marburg $9102600961 
201U/01 $0utf8 

lok: 10787785 66

exp: 10787785 66 1 #EPN
201B/01 $016-10-09 $t19:27:38.000 
201U/01 $0utf8 
203@/01 $0583000576 
208@/01 $a15-10-09 $br 
209A/01 $aG Pan/S $du $f000 $x00 
209C/01 $a02/i773TBN 
244Z/01 $astany pruskie $x01 
244Z/01 $aPrusy Królewskie $x02 
244Z/01 $aPrusy Książęce $x03 
247C/01 $8618123-5 Darmstadt, Bibliothek des Deutschen Polen-Instituts $9102600902 

lok: 10787785 78

exp: 10787785 78 1 #EPN
201B/01 $004-09-18 $t22:44:16.000 
201U/01 $0utf8 
203@/01 $0792223446 
208@/01 $a12-11-16 $be 
209A/01 $a/ $f000 $x00 
220C/01 $aTitelaufnehmer: pbb 
220C/01 $aHerkunft: IH PAN/PBB Kraków;UMK/BU Toruń 
237A/01 $aweiterführende Signatur(en): HI 02.3836 [050] 
244Z/01 $2Trx $#Prusy Wschodnie i Zachodnie $8--Trx--Ost- und Westpreußen $x01 $939113373X 
244Z/01 $2Trx $#Prūsijos Karalystė $#Royal Prussia $#Prusy Królewskie $#Prusko královské $#Prusko král'ovské $#Polnisch-Preußen $8--Trx--Preußen$gKönigliches $x02 $9391296930 
244Z/01 $#Preußen Herzogtum $#Prūsijos Kunigaikštystė $#Ducal Prussia $#Prusy Książęce $#Prusko vojvodstvo $#Prusko vévodství $74137053-3 $8--Tg1--Herzogtum Preußen $x03 $9085512117 
244Z/01 $aGeschichte 1500-1600 $x04 
244Z/01 $2Trx $#suhted, Poola-Preisi $#santykiai, Lenkijos ir Prūsijos $#relations, Prusso-Polish $#kapcsolatok, lengyel-porosz $#stosunki polsko-pruskie $#vzťahy poľsko-pruské $#vztahy polsko-pruské $8--Trx--Beziehungen, polnisch-preußische $x05 $9391359312 
244Z/01 $2Trx $#dzieło zbiorowe $8--Trx--Sammelwerk $x06 $9391384597 
245Z/01 $a01.03 $x01 
247C/01 $82080>Marburg/Lahn, Herder-Institut, Forschungsbibliothek, Bibliographieportal $9336309341 

lok: 10787785 204

exp: 10787785 204 1 #EPN
201B/01 $017-01-11 $t14:56:44.000 
201C/01 $014-12-10 
201U/01 $0utf8 
203@/01 $0603612598 
208@/01 $a04-01-11 $bzUB 
209A/01 $aFH his Ms 4.24 $du $f000 $hfh his ms 4 24 $x00 
209G/01 $a61100156 $x00 
245S/01 $a10200 $x01 
247C/01 $8631000-x <26>Gießen, Universität Gießen, Universitätsbibliothek Gießen $9102596697
LEADER 00000cam a2200000 c 4500
001 107877856
003 DE-603
005 20240501101634.0
007 tu
008 021029s2001 xx |||| | u10||u|pol
015 |a 08,A51,2184  |2 dnb 
016 7 |2 DE-101  |a 988081199 
020 |a 8371812299 
035 |a (DE-599)HEB107877856 
035 |a (OCoLC)50037522 
040 |a DE-603  |b ger  |c DE-603  |d DE-603 
041 |a pol 
082 0 4 |8 1\u  |a 900.94383209031  |q DE-101  |2 23/BSB 
084 |a 940  |q DE-101  |2 sdnb 
085 |8 1\u  |b 900 
085 |8 1\u  |z 1  |s 09031 
085 |8 1\u  |z 2  |s 43832 
085 |8 1\u  |z 2  |s 4382 
245 0 0 |a Panorama lojalności  |b Prusy Królewskie i Prusy Ksia̜że̜ce w XVI wieku  |c [red. nauk.: Anna Skolimowska ...] 
264 1 |a Warszawa  |b DiG  |c 2001 
300 |a 184 Seiten  |b Illustrationen 
336 |a Text  |b txt  |2 rdacontent 
337 |a ohne Hilfsmittel zu benutzen  |b n  |2 rdamedia 
338 |a Band  |b nc  |2 rdacarrier 
490 1 |a Eseje i studia  |v 4 
546 |a Zusammenfassungen in deutscher Sprache 
600 1 7 |a Dantyszek, Jan  |d 1485-1548  |0 (DE-588)119442086  |0 (DE-603)087781808  |2 gnd 
648 7 |a Geschichte 1500-1600  |2 gnd 
651 7 |a Westpreußen  |0 (DE-588)4079244-4  |0 (DE-603)08522510X  |2 gnd 
651 7 |a Herzogtum Preußen  |0 (DE-588)4137053-3  |0 (DE-603)085512117  |2 gnd 
655 7 |a Konferenzschrift  |y 1998  |z Warschau  |2 gnd-content  |0 (DE-588)1071861417  |0 (DE-603)359646190 
700 1 |a Skolimowska, Anna  |d 1967-  |e Herausgeber  |4 edt  |0 (DE-603)404031803  |0 (DE-588)1133583792  |2 gnd 
787 0 8 |i Rezensiert in  |a Naworski, Zbigniew  |t Panorama lojalności. - Warszawa : DiG. - 2001 [Rezension]  |w (DE-603)394862910 
787 0 8 |i Rezensiert in  |a Salmonowicz, Stanisław, 1931-2022  |t Panorama lojalności. - Warszawa : DiG. - 2001 [Rezension]  |w (DE-603)395272688 
810 2 2 |a Uniwersytet Warszawski  |b Ośrodek Badań nad Tradycja̜ Antyczna̜ w Polsce i w Europie Środkowo-Wschodniej  |t Eseje i studia  |v 4  |w (DE-603)207085412  |w (DE-600)2243561-X  |9 14  |7 as 
856 4 2 |m V:DE-603;B:DE-26  |q application/pdf  |u http://scans.hebis.de/HEBCGI/show.pl?10787785_toc.pdf  |3 Inhaltsverzeichnis 
924 0 |9 Mb 50  |a (DE-603)177085460  |b DE-Mb50  |c HES  |d c  |g 02.3836 
924 0 |9 Ds 123  |a (DE-603)583000576  |b DE-Ds123  |c HES  |d d  |g G Pan/S 
924 0 |9 2080  |a (DE-603)792223446  |b DE-2080  |c HES  |d d  |g / 
924 0 |9 26  |a (DE-603)603612598  |b DE-26  |c HES  |d c  |g FH his Ms 4.24